| 000 | 00774nam a2200241Ia 4500 | ||
|---|---|---|---|
| 001 | 718 | ||
| 003 | GE_BSU | ||
| 008 | 181216s||||||||xx |||||||||||||| ||und|| | ||
| 040 | _cGE_BSU | ||
| 050 | _a9789941122446 | ||
| 080 | _a330.1(075.8) | ||
| 100 | _aხარაიშვილი, ე. [და სხვა] | ||
| 245 | _aმიკროეკონომიკა | ||
| 245 | _bსახელმძღვანელო. | ||
| 245 | _cრედ. ე. მექვაბიშვილი | ||
| 260 | _aთბილისი | ||
| 260 | _b,,უნივერსალი'' | ||
| 260 | _c2008 | ||
| 300 | _a479 გვ. | ||
| 541 | _h20 ლ. | ||
| 653 | _aმიკროეკონომიკის სახელმძღვანელო | ||
| 942 | _cBK | ||
| 999 |
_c34895 _d34895 |
||